Comuni italiani che confinano con l'estero - Statistics

Statistiche generali
  • Questo quiz è stato fatto 23 volte
  • Il punteggio medio è 27 su 188
Statistiche sulle risposte
Stato confinante Regione Provincia Comune % Corretto
Francia Liguria Imperia Ventimiglia
100%
Svizzera Lombardia Como Como
75%
Slovenia Friuli-Venezia Giulia Trieste Trieste
75%
Francia Piemonte Torino Bardonecchia
65%
Slovenia Friuli-Venezia Giulia Gorizia Gorizia
65%
Francia | Svizzera Valle d'Aosta Valle d'Aosta Courmayeur
60%
Svizzera Lombardia Sondrio Livigno
60%
Città del Vaticano Lazio Roma Roma
60%
Austria Trentino-Alto Adige Bolzano Brennero
55%
Svizzera Lombardia Como Campione d'Italia
50%
Slovenia Friuli-Venezia Giulia Trieste Muggia
50%
San Marino Emilia-Romagna Rimini Rimini
50%
Svizzera Lombardia Sondrio Tirano
45%
Svizzera Lombardia Sondrio Bormio
40%
Francia Piemonte Cuneo Limone Piemonte
40%
Austria | Slovenia Friuli-Venezia Giulia Udine Tarvisio
40%
Austria Trentino-Alto Adige Bolzano San Candido
35%
Svizzera Lombardia Como Alta Valle Intelvi
30%
Svizzera Lombardia Varese Porto Ceresio
30%
Svizzera Piemonte Verbano-Cusio-Ossola Re
30%
Svizzera Trentino-Alto Adige Bolzano Stelvio
30%
Svizzera Lombardia Sondrio Teglio
30%
Svizzera Lombardia Como Centro Valle Intelvi
25%
Svizzera Lombardia Como Cernobbio
25%
Austria | Svizzera Trentino-Alto Adige Bolzano Curon Venosta
25%
Svizzera Piemonte Verbano-Cusio-Ossola Formazza
25%
Svizzera Lombardia Varese Luino
25%
Francia Piemonte Cuneo Pontechianale
25%
Svizzera Lombardia Sondrio Valdidentro
25%
Svizzera Lombardia Sondrio Villa di Chiavenna
25%
Svizzera Lombardia Sondrio Villa di Tirano
25%
Svizzera Piemonte Vercelli Alagna Valsesia
20%
Svizzera Lombardia Sondrio Campodolcino
20%
Svizzera Lombardia Sondrio Chiesa in Valmalenco
20%
Svizzera Lombardia Varese Clivio
20%
Francia Piemonte Cuneo Crissolo
20%
Austria Trentino-Alto Adige Bolzano Dobbiaco
20%
Francia Liguria Imperia Dolceacqua
20%
Svizzera Valle d'Aosta Valle d'Aosta Gressoney-La-Trinité
20%
Svizzera Lombardia Sondrio Grosio
20%
Svizzera Lombardia Varese Lavena Ponte Tresa
20%
Svizzera Lombardia Varese Maccagno con Pino e Veddasca
20%
Svizzera Lombardia Sondrio Madesimo
20%
Austria | Svizzera Trentino-Alto Adige Bolzano Malles Venosta
20%
Svizzera Trentino-Alto Adige Bolzano Prato allo Stelvio
20%
San Marino Emilia-Romagna Rimini San Leo
20%
Svizzera Piemonte Verbano-Cusio-Ossola Trasquera
20%
Svizzera Lombardia Sondrio Val Masino
20%
Francia Piemonte Cuneo Argentera
15%
Svizzera Valle d'Aosta Valle d'Aosta Ayas
15%
Svizzera Lombardia Sondrio Bianzone
15%
Francia Piemonte Cuneo Briga Alta
15%
Francia Piemonte Torino Ceresole Reale
15%
Francia Piemonte Torino Cesana Torinese
15%
Francia Piemonte Torino Claviere
15%
Austria Veneto Belluno Comelico Superiore
15%
Slovenia Friuli-Venezia Giulia Trieste Duino-Aurisina
15%
Svizzera Lombardia Sondrio Gordona
15%
Svizzera Lombardia Sondrio Grosotto
15%
Svizzera Lombardia Sondrio Lanzada
15%
Francia Valle d'Aosta Valle d'Aosta La Thuile
15%
Svizzera Lombardia Como Livo
15%
Svizzera Lombardia Sondrio Novate Mezzola
15%
Francia Piemonte Torino Oulx
15%
Svizzera Lombardia Sondrio Piuro
15%
Austria Friuli-Venezia Giulia Udine Pontebba
15%
Austria Trentino-Alto Adige Bolzano Predoi
15%
Francia Valle d'Aosta Valle d'Aosta Rhêmes-Notre-Dame
15%
Austria Veneto Belluno San Pietro di Cadore
15%
Austria Veneto Belluno Santo Stefano di Cadore
15%
Francia Liguria Imperia Triora
15%
Svizzera Lombardia Varese Tronzano Lago Maggiore
15%
Svizzera Valle d'Aosta Valle d'Aosta Valtournenche
15%
Svizzera Piemonte Verbano-Cusio-Ossola Varzo
15%
Francia Piemonte Cuneo Vinadio
15%
Francia Liguria Imperia Airole
10%
Svizzera Lombardia Varese Brusimpiano
10%
Svizzera Piemonte Verbano-Cusio-Ossola Cannobio
10%
Svizzera Lombardia Varese Cantello
10%
Svizzera Lombardia Sondrio Chiuro
10%
Slovenia Friuli-Venezia Giulia Udine Chiusaforte
10%
Svizzera Lombardia Como Colverde
10%
Svizzera Lombardia Varese Cremenaga
10%
Svizzera Lombardia Varese Curiglia con Monteviasco
10%
Slovenia Friuli-Venezia Giulia Gorizia Doberdò del Lago
10%
Francia Piemonte Cuneo Entracque
10%
Austria Friuli-Venezia Giulia Udine Forni Avoltri
10%
Svizzera Piemonte Verbano-Cusio-Ossola Macugnaga
10%
Francia Piemonte Torino Moncenisio
10%
Slovenia Friuli-Venezia Giulia Trieste Monrupino
10%
Francia Liguria Imperia Olivetta San Michele
10%
Slovenia Friuli-Venezia Giulia Udine Resia
10%
Svizzera Valle d'Aosta Valle d'Aosta Saint-Rhémy-en-Bosses
10%
Svizzera Lombardia Varese Saltrio
10%
Slovenia Friuli-Venezia Giulia Trieste San Dorligo della Valle
10%
Austria Veneto Belluno San Nicolò di Comelico
10%
Svizzera Piemonte Verbano-Cusio-Ossola Santa Maria Maggiore
10%
Austria Trentino-Alto Adige Bolzano Senales
10%
Austria Trentino-Alto Adige Bolzano Sesto
10%
Slovenia Friuli-Venezia Giulia Trieste Sgonico
10%
Francia Piemonte Cuneo Valdieri
10%
Francia Valle d'Aosta Valle d'Aosta Valgrisenche
10%
Austria Trentino-Alto Adige Bolzano Valle Aurina
10%
Svizzera Lombardia Como Valsolda
10%
Svizzera Lombardia Varese Viggiù
10%
Francia Piemonte Cuneo Acceglio
5%
Francia Piemonte Torino Balme
5%
Svizzera Lombardia Varese Besano
5%
Svizzera Valle d'Aosta Valle d'Aosta Bionaz
5%
Svizzera Lombardia Como Bizzarone
5%
Francia Piemonte Torino Bobbio Pellice
5%
Svizzera Lombardia Varese Cadegliano Viconago
5%
Austria Trentino-Alto Adige Bolzano Campo Tures
5%
Francia Piemonte Cuneo Chiusa di Pesio
5%
San Marino Emilia-Romagna Rimini Coriano
5%
Slovenia Friuli-Venezia Giulia Gorizia Cormons
5%
Svizzera Piemonte Verbano-Cusio-Ossola Craveggia
5%
Svizzera Valle d'Aosta Valle d'Aosta Etroubles
5%
Francia Piemonte Torino Exilles
5%
Francia Piemonte Torino Giaglione
5%
Svizzera Lombardia Como Gravedona ed Uniti
5%
Francia Piemonte Torino Groscavallo
5%
Austria Friuli-Venezia Giulia Udine Malborghetto Valbruna
5%
Austria Friuli-Venezia Giulia Udine Moggio Udinese
5%
Svizzera Lombardia Como Moltrasio
5%
Svizzera Piemonte Verbano-Cusio-Ossola Montecrestese
5%
Austria Trentino-Alto Adige Bolzano Moso in Passiria
5%
Francia Piemonte Torino Novalesa
5%
Svizzera Valle d'Aosta Valle d'Aosta Ollomont
5%
Austria Friuli-Venezia Giulia Udine Paluzza
5%
Austria Friuli-Venezia Giulia Udine Paularo
5%
Francia Piemonte Cuneo Pietraporzio
5%
Francia Liguria Imperia Pigna
5%
Francia Piemonte Torino Prali
5%
Svizzera Piemonte Verbano-Cusio-Ossola Premia
5%
Austria Trentino-Alto Adige Bolzano Racines
5%
Svizzera Valle d'Aosta Valle d'Aosta Saint-Oyen
5%
Slovenia Friuli-Venezia Giulia Gorizia San Floriano del Collio
5%
Svizzera Lombardia Sondrio San Giacomo Filippo
5%
Francia Piemonte Torino Sauze di Cesana
5%
Austria Trentino-Alto Adige Bolzano Selva dei Molini
5%
Svizzera Trentino-Alto Adige Bolzano Tubre
5%
Francia Piemonte Torino Usseglio
5%
Svizzera Piemonte Verbano-Cusio-Ossola Valle Cannobina
5%
Svizzera Lombardia Como Val Rezzo
5%
Francia Piemonte Torino Venaus
5%
San Marino Emilia-Romagna Rimini Verucchio
5%
Svizzera Lombardia Sondrio Vervio
5%
Svizzera Piemonte Verbano-Cusio-Ossola Antrona Schieranco
0%
Svizzera Piemonte Verbano-Cusio-Ossola Baceno
0%
Francia Piemonte Cuneo Bellino
0%
Svizzera Piemonte Verbano-Cusio-Ossola Bognanco
0%
Svizzera Lombardia Como Cavallasca
0%
Svizzera Lombardia Como Cavargna
0%
Svizzera Piemonte Verbano-Cusio-Ossola Ceppo Morelli
0%
Svizzera Lombardia Como Cerano d'Intelvi
0%
Slovenia Friuli-Venezia Giulia Gorizia Dolegna del Collio
0%
Svizzera Lombardia Como Dosso del Liro
0%
Slovenia Friuli-Venezia Giulia Udine Drenchia
0%
Svizzera Lombardia Varese Dumenza
0%
Slovenia Friuli-Venezia Giulia Udine Faedis
0%
Slovenia Friuli-Venezia Giulia Udine Grimacco
0%
Slovenia Friuli-Venezia Giulia Udine Lusevera
0%
Svizzera Lombardia Como Maslianico
0%
Svizzera Lombardia Sondrio Menarola
0%
San Marino Marche Pesaro e Urbino Monte Grimano Terme
0%
San Marino Emilia-Romagna Rimini Montescudo-Monte Colombo
0%
Slovenia Friuli-Venezia Giulia Udine Prepotto
0%
Slovenia Friuli-Venezia Giulia Udine Pulfero
0%
Austria Trentino-Alto Adige Bolzano Rasun Anterselva
0%
Francia Liguria Imperia Rocchetta Nervina
0%
Svizzera Lombardia Como Rodero
0%
Svizzera Lombardia Como Ronago
0%
Svizzera Lombardia Como San Nazzaro Val Cavargna
0%
San Marino Emilia-Romagna Rimini Sassofeltrio
0%
Slovenia Friuli-Venezia Giulia Udine Savogna
0%
Slovenia Friuli-Venezia Giulia Gorizia Savogna d'Isonzo
0%
Svizzera Lombardia Como Schignano
0%
Slovenia Friuli-Venezia Giulia Udine Stregna
0%
Slovenia Friuli-Venezia Giulia Udine Taipana
0%
Slovenia Friuli-Venezia Giulia Udine Torreano
0%
Svizzera Lombardia Como Uggiate-Trevano
0%
Austria Trentino-Alto Adige Bolzano Val di Vizze
0%
Austria Trentino-Alto Adige Bolzano Valle di Casies
0%
Nessun quiz corrispondente trovato
Distribuzione punteggi
Percentuale di utenti per punteggio
Percentile per numero di risposta
I tuoi punteggi nel tempo
Non hai fatto questo quiz